000 00790cab a2200265 4500
001 ABS49064
008 090401t1993 xxu||||| |||| 00| 0 eng d
035 _a(Sirsi) u69730
041 _aeng
100 _aGallimore, P.
245 _aDefining market value: the `reasonable period`
260 _c1993
350 _a0
490 _aEstates Gazette
_v(9326) 3 July 1993, 114(1)
520 _aFocuses on one aspect of the definition of open market value introduced in June 1992, the `period` taken for the hypothetical sale.
650 _aASSET VALUATION
650 _aDEFINITION
650 _aMARKET VALUE
650 _aOPEN MARKET VALUE
650 _aREASONABLE PERIOD
650 _aValuation
_96273
690 _aRATING AND VALUATION
942 _n0
948 _c04/03/1997
999 _c43825
_d43825